Eminem’s Top 10 Song Per Every Albums(My Opinion) - Statistics

General Stats
  • This quiz has been taken 79 times
  • The average score is 25 of 120
Answer Stats
Albums Songs % Correct
3 The Real Slim Shady
76%
5 My Name Is
71%
6 Without Me
69%
2 Stan
62%
1 Encore Mockingbird
58%
1 The Marshall Mathers LP 2 Rap God
58%
3 Godzilla
53%
3 Houdini
53%
1 The Marshall Mathers LP The Way I Am
44%
1 The Eminem Show Till I Collapse
44%
5 Venom
44%
2 Fuel
42%
4 Guilty Conscience
42%
2 Love The Way You Lie
42%
7 The Monster
40%
2 Lose Yourself
38%
7 Brain Damage
36%
5 Business
36%
3 Not Afraid
36%
1 The Slim Shady LP Rock Bottom
36%
2 Role Model
36%
7 Cleanin’ Out My Closet
33%
6 Crimminal
33%
10 Just Don’t Give A Fuck
33%
9 Marsh
33%
2 White America
33%
3 Hailie’s Song
31%
8 Still Don’t Give A Fuck
31%
1 Relapse Beautiful
29%
10 Marshall Mathers
29%
9 Square Dance
29%
6 Antichrist
27%
9 Bad Meets Evil
27%
9 Kamikaze
27%
4 Sing For The Moment
27%
8 Soldier
27%
3 As The World Turns
22%
10 Killshot
22%
5 Kill You
22%
1 Kamikaze Lucky You
22%
2 Not Alike
22%
4 River
22%
1 The Death Of Slim Shady Tobey
22%
4 Bitch Please II
20%
9 Crack A Bottle
20%
7 Drug Ballad
20%
8 Greatest
20%
3 Just Lose It
20%
6 My Mom
20%
10 1 Shot 2 Shot
18%
5 Bad Guy
18%
2 Bagpipes From Baghdad
18%
6 Cold Wind Blows
18%
3 Deja Vu
18%
4 Fall
18%
5 Guilty Conscience 2
18%
1 Rocovery No Love
18%
7 Renaissance
18%
9 Road Rage
18%
3 The Ringer
18%
1 Revival Arose
16%
3 Berzerk
16%
2 Castle
16%
1 Music To Be Murdered By Darkness
16%
8 Encore
16%
8 Habits
16%
4 Somebody Save Me
16%
7 Stepping Stone
16%
3 Walk On Water
16%
1 Non-Album Songs When I’m Gone
16%
9 Who Knew
16%
5 25 To Life
13%
5 Crazy In Love
13%
5 Forever
13%
6 Good Guy
13%
2 Love Game
13%
6 Mosh
13%
10 Say Goodbye Hollywood
13%
9 Space Bound
13%
10 Temporary
13%
4 Yellow Brick Road
13%
2 Gnat
11%
8 Groundhog Day
11%
4 Old Time’s Sake
11%
8 Same Song & Dance
11%
5 Alfred’s Theme
9%
4 Going Through Changes
9%
9 Headlights
9%
4 Legacy
9%
10 Normal
9%
7 8 Mile
7%
7 Careful What You Wish For
7%
5 Framed
7%
9 Never Enough
7%
6 So Far…
7%
8 The Kids
7%
5 You Don’t Know
7%
7 Bad Husband
4%
6 Chloraseptic
4%
4 Detroit Vs. Everybody
4%
10 Elevator
4%
8 Like Home
4%
4 Lock It Up
4%
3 No Apologies
4%
8 Rabbit Run
4%
10 Remind Me
4%
10 Rhyme Or Reason
4%
7 Seduction
4%
10 Talkin’ 2 Myself
4%
6 The Sauce
4%
7 We As Americans
4%
8 W.T.P.
4%
7 Book Of Rhymes
2%
6 Farewell
2%
10 Higher
2%
2 Like A Toy Soldier
2%
9 Tragic Endings
2%
8 Zeus
2%
6 ‘97 Bonnie & Cyde
0%
9 Hellbound
0%
No matching quizzes found
Score Distribution
Percent of People with Each Score
Percentile by Number Answered
Your Score History
You have not taken this quiz